000 01481nam a22002417a 4500
008 241902t2024 xxk|||||o|||| 00| 0 eng d
041 _aeng
110 _aRoyal Institution of Chartered Surveyors
245 _aRICS response to the UK Government’s changes to planning policy for brownfield development and PDR
_h[Electronic resource]
260 _aLondon,
_bRoyal Institution of Chartered Surveyors,
_c14 February 2024
300 _apress release
490 _aRICS Press Release
520 _aRICS welcomes the renewed focus on brownfield development, particularly to help alleviate housing pressures in urban environments. However, often councils do want to build on brownfield land but face challenges, particularly around making-safe potentially decontaminated sites, which is a costly and complex endeavour. The Government’s current proposal seemingly does not acknowledge these difficulties, with there being a distinct lack of funding to support already stretched local councils and planning departments to realise this aim.
650 _aBROWNFIELD DEVELOPMENT
650 _aPLANNING
650 _aPERMITTED DEVELOPMENT RIGHTS
650 _aGREEN BELT
651 _aUnited Kingdom
690 _96259
_aPlanning and development
710 _aRoyal Institution of Chartered Surveyors
856 _uhttps://www.rics.org/news-insights/rics-responds-to-michael-goves-speech-on-the-national-planning-policy-framework
_zAvailable free on RICS.org
942 _n0
999 _c121799
_d121799